Descripción con planos de la cueva llamada de Atapuerca / (Record no. 189575)

MARC details
000 -LEADER
campo de control de longitud fija 01056nam a2200217 i 4500
001 - NÚMERO DE CONTROL
campo de control 189575
003 - IDENTIFICADOR DE NÚMERO DE CONTROL
campo de control SpMaBN
005 - FECHA Y HORA DE LA ÚLTIMA TRANSACCIÓN
campo de control 20250928114009.0
008 - DATOS DE LONGITUD FIJA--INFORMACIÓN GENERAL
campo de control de longitud fija 190620s1868 sp ef |||| | spa d
100 1# - ENTRADA PRINCIPAL--NOMBRE DE PERSONA
Nombre de persona Sampayo, Pedro.
9 (RLIN) 167384
245 10 - MENCIÓN DEL TÍTULO
Título Descripción con planos de la cueva llamada de Atapuerca /
Mención de responsabilidad, etc. por... Pedro Sampayo y Mariano Zuaznavar ; ilustrada con vistas por Isidro Gil.
260 ## - PUBLICACIÓN, DISTRIBUCIÓN, ETC.
Lugar de publicación, distribución, etc. Burgos :
Nombre del editor, distribuidor, etc. Imp. de D. Timoteo Arnaiz,
Fecha de publicación, distribución, etc. 1868.
300 ## - DESCRIPCIÓN FÍSICA
Extensión 19 p., 6 h. de lám., 2 h. pleg. de planos ;
Dimensiones 28 cm.
530 ## - NOTA DISPONIBLE DE FORMULARIO FÍSICO ADICIONAL
Nota de formato físico adicional disponible Disponible en formato digital.
651 #7 - PUNTO DE ACCESO ADICIONAL DE MATERIA--NOMBRE GEOGRÁFICO
Nombre geográfico Atapuerca (Burgos, Yacimiento)
9 (RLIN) 167383
700 1# - ENTRADA AGREGADA--NOMBRE PERSONAL
Nombre de persona Zuaznavar, Mariano,
Fechas asociadas al nombre 1841-1916
9 (RLIN) 118383
700 1# - ENTRADA AGREGADA--NOMBRE PERSONAL
Nombre de persona Gil y Gavilondo, Isidro,
Fechas asociadas al nombre 1843-1917
9 (RLIN) 56737
852 ## - LOCALIZACIÓN
Ubicación ES-MaACL
Número de control de estantería L-32448(11)
Nota libre - Enc. cart.
-- . - Legado Federico de Botella y de Hornos
-- - Enc. en un vol. facticio, con tít. en el lomo de: España, geología: memorias varias, 1
856 ## - LOCALIZACIÓN Y ACCESO ELECTRÓNICOS
Identificador Uniforme de Recursos <a href="http://bdh-rd.bne.es/viewer.vm?id=0000076060&page=1 ">http://bdh-rd.bne.es/viewer.vm?id=0000076060&page=1 </a>
Nota pública Biblioteca Digital Hispánica
Holdings
Estatus retirado Estado de pérdida Estado de daño No para préstamo Colección Biblioteca de origen Biblioteca actual Ubicación en estantería Fecha de adquisición Fuente de adquisición Total de préstamos Signatura topográfica completa Código de barras Visto por última vez Precio de reemplazo Tipo de ítem Koha
        Colección digital Biblioteca del Ateneo de Madrid Biblioteca del Ateneo de Madrid Depósito 2 20/06/2019     L-32448(11) 1200889 23/02/2023 23/02/2023 Libro impreso antiguo